| 000 | 00481cam a2200181ua 4500 | ||
|---|---|---|---|
| 020 |
_a81 239 0142 9 _c450.00 |
||
| 041 |
_aeng _h |
||
| 082 |
_a631.586 _bPUR/DI |
||
| 100 | _aPuri, K B . | ||
| 245 |
_aDimensions of a land use policy in India / _cK B Puri. _hTextual Documents |
||
| 250 |
_a1 / _b. |
||
| 260 |
_aNew Delhi : _bC B S Publishers & Distributers , _c1992. |
||
| 300 | _a339 ; . | ||
| 365 | _a450.00 | ||
| 504 | _a | ||
| 942 | _cBK | ||
| 999 |
_c7353 _d7353 |
||